Responses for Show #2635 - Friday, February 2, 1996

Bill Sloan game 5.

Contestants

[<< previous game]

Kerry Towle, a retiree from Ellicott City, Maryland

Gordon Frankel Light, an attorney originally from Miami, Florida

Bill Sloan, a real estate broker from Mission Viejo, California (whose 4-day cash winnings total $46,700)

[next game >>]

Jeopardy! Round responses

LITERATURE
FILMS OF THE '70s
(Alex: The 1970s.)
FAMOUS AMERICANS
CONTAINERS
WASHINGTON STATE
SPEAK OF THE DEVIL
    $100 10
Rudyard Kipling

Kerry
    $100 2
"Patton"

Kerry
    $100 1
Paul Revere

Gordon
    $100 7
Cookie Jar

Bill
    $100 23
The Space Needle

Bill
    $100 18
13

Bill
    $200 11
"War And Peace"

Kerry
    $200 16
"The Buddy Holly Story"

Bill
    $200 3
Daniel Boone

Bill
    $200 8
Album

Bill
    $200 24
Pontoon Bridge

Bill
    $200 19
Midnight

Gordon
    $300 12
(K: What is "Red Death?")

"Masque of the Red Death"

BillKerry
    $300 20
The China Syndrome

Bill
    $300 4
Harry Lee

Bill
    $300 9
Teapot

Kerry
    $300 25
Bonds

Bill
    $300 28
Devil's Food Cake

Bill
    $400 13
Sinclair Lewis

Bill
    $400 21
"A Star Is Born"

Gordon
    $400 5
George Dewey

Bill
    $400 14
Coffer

Triple Stumper
    $400 26
(K: What is Russia?)

England

BillKerry
    $400 29
Dice

Bill
    $500 17
(B: Who is George Orwell?)

Aldous Huxley

BillKerry
    $500 22
"Close Encounters of the Third Kind"

Gordon
    $500 6
(B: Who is Susan B. Anthony?)

Amelia Bloomer

Bill
Triple Stumper
    $500 15
Canteen

Bill
    $500 27
Grand Coulee Dam

Bill
    $500 30
Jimson Weed

Gordon

Scores at the first commercial break (after clue 16):

Bill Gordon Kerry
$2,100 $100 $400

Scores at the end of the Jeopardy! Round:

Bill Gordon Kerry
$4,200 $1,700 $500

Double Jeopardy! Round responses

1950
RELIGION
BALLET
U.S. MONEY
ISLANDS
CALENDARS
    $200 2
Cairo

Gordon
    $200 1
Islam

Bill
    $200 12
(G: What is "Two Gentlemen of Verona?")

"Romeo And Juliet"

BillGordon
    $200 7
Dime

Bill
    $200 16
Alcatraz

Bill
    $200 14
366

Bill
    $400 3
The English Channel

Kerry
    $400 13
Aztecs

Bill
    $400 29
"The Nutcracker"

Bill
    $400 8
Eagle

Bill
    $400 17
Molokai

Bill
    $400 15
Dick Clark

Bill
    $600 4
Ansel Adams

Bill
    $600 19
Tibet

Gordon
    $600 30
Vienna

Bill
    $600 9
Federal Reserve Note

Bill
    $600 18
Pitcairn Island

Kerry
    $600 24
Chocolate

Gordon
    $800 5
(B: What is Pakistan?)

India

Bill
Triple Stumper
    $800 20
Voodoo

Gordon
    $800 27
Mikhail Baryshnikov

Gordon
    $1,600 10
Cotton

Bill
    $800 22
Lake Baikal

Bill
    $800 25
Lighthouses

Gordon
    $1,000 6
George Marshall

Bill
    $1000 21
Shiva

Triple Stumper
    $1000 28
Anna Pavlova

Bill
    $1000 11
Antietam

Kerry
    $1000 23
Faroe Islands

Bill
    $1000 26
(K: What is Mad Magazine?)

National Lampoon

Kerry
Triple Stumper

Scores at the end of the Double Jeopardy! Round:

Bill Gordon Kerry
$13,600 $5,300 $1,500
(lock game)

[wagering suggestions for these scores]

Final Jeopardy! Round responses

CONGRESS
[7 lbs., 9 oz.--Autumn Roxanne was her daughter's name.]
(Alex: I think Bill Sloan will be a factor in next year's/season's $100,000 Tournament of Champions. Three new players tomorrow. See you then.)
KerryWhat is give birth
$1,500
GordonWhat is have a child
$2,000
BillWhat is giving birth?
$2,500
give birth

Final scores:

Bill Gordon Kerry
$16,100 $7,300 $3,000
5-day champion: $62,800 2nd place: Carmel Valley, California ranch resort trip + luggage 3rd place: RCA digital satellite system

Game dynamics:

Coryat scores:

Bill Gordon Kerry
$12,800 $5,300 $1,500
36 R
(including 3 DDs),
3 W
11 R,
1 W
8 R,
3 W

Combined Coryat: $19,600

[game clues] [game scores] [suggest correction]

Game tape date: Unknown
The J! Archive is created by fans, for fans. Scraping, republication, monetization, and malicious use prohibited; this site may use cookies and collect identifying information. See terms. The Jeopardy! game show and all elements thereof, including but not limited to copyright and trademark thereto, are the property of Jeopardy Productions, Inc. and are protected under law. This website is not affiliated with, sponsored by, or operated by Jeopardy Productions, Inc. Join the discussion at JBoard.tv.